000 00743cam a2200241 4500500
005 20260405004021.0
041 _afre
042 _adc
100 1 0 _aDuru, Martin
_eauthor
245 0 0 _a"Surveiller et punir" : Bienvenue dans la société disciplinaire
260 _c2017.
500 _a55
690 _aBentham
690 _aBig Brother
690 _aCorps
690 _aMichel Foucault
690 _aPanoptique
690 _aPouvoir
690 _aPrison
690 _aSurveillance
786 0 _nPhilosophie magazine - Hors séries | Hors-série Hiver 2017-2018 | HS36 | 2017-12-01 | p. 5-5 | 2104-9246
856 4 1 _uhttps://shs.cairn.info/magazine-philosophie-magazine-2017-hs36-page-5?lang=fr&redirect-ssocas=7080
999 _c2072946
_d2072946